Biggest to Smallest Countries that Start with E - Statistics

General Stats
  • This quiz has been taken 104 times
  • The average score is 8 of 9
Answer Stats
Continent Country % Correct
South America Ecuador
98%
Africa Ethiopia
96%
Europe Estonia
95%
Africa Egypt
91%
North America El Salvador
91%
Africa Eritrea
89%
Africa Eswatini
85%
Asia East Timor
80%
Africa Equatorial Guinea
79%
No matching quizzes found
Score Distribution
Percent of People with Each Score
Percentile by Number Answered
Your Score History
You have not taken this quiz